Analýza daňovej konkurencie s použitím väzňovej dilemy a vývojový trend príjmov z dane z príjmov právnických osôb na Slovensku
Aplikácia väzňovej dilemy na analýzu daňovej konkurencie. Rozdiely medzinárodnej daňovej konkurencie a klasickej hry väzňovej dilemy. Slovensko a trend v zmene sadzby dane z príjmov právnických osôb (2000-2016). Základné charakteristiky vývoja. Časové rady, absolútny prírastok, koeficient rastu.
Saved in:
| Main Author: | |
|---|---|
| Other Authors: | |
| Format: | Book Chapter |
| Language: | Slovak |
| Subjects: | |
| Tags: |
No Tags, Be the first to tag this record!
|
MARC
| LEADER | 00000nla a2200000 4500 | ||
|---|---|---|---|
| 001 | 0241972 | ||
| 005 | 20240502073935.1 | ||
| 041 | 0 | |a slo | |
| 044 | |a SK | ||
| 245 | 1 | 0 | |a Analýza daňovej konkurencie s použitím väzňovej dilemy a vývojový trend príjmov z dane z príjmov právnických osôb na Slovensku |c Allan Jose Sequeira Lopez, Dana Figurová |
| 520 | |a Aplikácia väzňovej dilemy na analýzu daňovej konkurencie. Rozdiely medzinárodnej daňovej konkurencie a klasickej hry väzňovej dilemy. Slovensko a trend v zmene sadzby dane z príjmov právnických osôb (2000-2016). Základné charakteristiky vývoja. Časové rady, absolútny prírastok, koeficient rastu. | ||
| 610 | 2 | 0 | |a dane z príjmov |
| 610 | 2 | 0 | |a osoby právnické |
| 610 | 2 | 0 | |a sadzby daňové |
| 610 | 2 | 0 | |a konkurencia medzinárodná |
| 610 | 2 | 0 | |a teória hier |
| 610 | 2 | 0 | |a Slovensko |
| 100 | 1 | |a Sequeira Lopez, Allan Jose, 1986- | |
| 700 | 1 | |a Figurová, Dana | |